000 00397nam a2200157Ia 4500
008 160316s1975 xxu||||| |||| 00| 0 eng d
082 _a343.052000
_bLIV
100 _aTolley
245 _aTaxation in Gibraltar 1975
250 _a
260 _aCroydon
_bTolley Publishing Co.Ltd.
_c1975
300 _a48p
_b
_cv
365 _bP.2.00
650 _a1.Tax Law - Taxation - Gibraltar
700 _a
_a
999 _c4058
_d4058